[Event "Brissago (m/12)"]
[Site "?"]
[Date "2004.??.??"]
[Round "?"]
[White "Kramnik, V."]
[Black "Leko, P."]
[Result "1/2-1/2"]
[WhiteElo "2770"]
[BlackElo "2740"]
[PlyCount "68"]
[EventDate "2004.??.??"]
[Source "Chess Informant"]
[SourceDate "2004.06.01"]

1. e4 c6 2. d4 d5 3. Nd2 dxe4 4. Nxe4 Bf5 5. Ng3 Bg6 6. h4 h6 7. Nf3 Nd7 8. h5 Bh7 9. Bd3 Bxd3 10. Qxd3 e6 11. Bf4 Qa5+ 12. Bd2 Qc7 13. O-O-O Ngf6 14. Ne4 O-O-O 15. g3 Nxe4 16. Qxe4 Bd6 17. Kb1 Rhe8 18. Qh7 Rg8 19. c4 c5 20. d5 Nf6 21. Qc2 exd5 22. cxd5 Qd7 23. Bc3 Rde8 24. Bxf6 gxf6 25. Qd3 f5 26. Nd2 b5 27. Rhe1 Kb8 28. Qc3 c4 29. Nf3 Rxe1 30. Rxe1 f4 31. g4 Bc7 32. Qd4 Qxg4 33. Qe4 Qxh5 34. Nd4 Qg6 1/2-1/2

[Event "Monte Carlo MNC"]
[Site "?"]
[Date "2006.03.26"]
[Round "8"]
[White "Svidler Peter"]
[Black "Ivanchuk Vassily"]
[Result "1-0"]
[WhiteElo "2765"]
[BlackElo "2729"]
[PlyCount "125"]
[EventDate "2006.??.??"]
[Source "www.chesslib.no"]
[SourceDate "2004.05.04"]

1. e4 c6 2. d4 d5 3. Nd2 dxe4 4. Nxe4 Bf5 5. Ng3 Bg6 6. h4 h6 7. Nf3 Nd7 8. h5 Bh7 9. Bd3 Bxd3 10. Qxd3 e6 11. Bf4 Bb4+ 12. c3 Be7 13. O-O-O Ngf6 14. Kb1 O-O 15. c4 a5 16. Nf1 b5 17. c5 Nd5 18. Bd2 Qc7 19. g4 Rad8 20. Ng3 N7f6 21. g5 hxg5 22. Nxg5 Nf4 23. Bxf4 Qxf4 24. h6 Rd5 25. hxg7 Rxg5 26. gxf8=Q+ Bxf8 27. Rhg1 Bg7 28. Ne2 Qf5 29. Rxg5 Qxg5 30. Rg1 Qh4 31. Qg3 Qxg3 32. Rxg3 a4 33. Ra3 Kf8 34. b3 axb3 35. axb3 Nd5 36. Ra7 Ke8 37. Kc2 Bf6 38. Kd3 Nb4+ 39. Ke4 Nd5 40. Ng1 Bd8 41. Nf3 f6 42. Ne1 Bc7 43. Ng2 Kd7 44. Ne3 Nb4 45. Kf3 f5 46. Ke2 Kc8 47. Ng2 Nd5 48. Ne1 Nb4 49. Nf3 Kb8 50. Ra1 Kb7 51. Rh1 Kc8 52. Rh8+ Kd7 53. Rh7+ Kc8 54. Ng5 e5 55. Ne6 Bb8 56. Rh8+ Kb7 57. dxe5 Bxe5 58. Rh5 Ka6 59. Rxf5 Bc3 60. Rf7 Na2 61. Kd3 Bb2 62. f4 Ka5 63. Ra7+ 1-0

[Event "15. European Team Championship"]
[Site "?"]
[Date "2005.08.01"]
[Round "3.4"]
[White "Akopian Vladimir"]
[Black "Azmaiparashvili Zurab"]
[Result "1/2-1/2"]
[WhiteElo "2705"]
[BlackElo "2672"]
[PlyCount "107"]
[EventDate "2005.??.??"]
[Source "www.chesslib.no"]
[SourceDate "2004.05.04"]

1. e4 c6 2. d4 d5 3. Nd2 dxe4 4. Nxe4 Bf5 5. Ng3 Bg6 6. h4 h6 7. Nf3 Nd7 8. h5 Bh7 9. Bd3 Bxd3 10. Qxd3 e6 11. Bf4 Qa5+ 12. Bd2 Qc7 13. O-O-O Ngf6 14. Ne4 O-O-O 15. g3 Nxe4 16. Qxe4 Nf6 17. Qe2 Bd6 18. c4 c5 19. Bc3 cxd4 20. Nxd4 a6 21. Kb1 Kb8 22. Nf3 Qc5 23. Ne5 Bxe5 24. Qxe5+ Qxe5 25. Bxe5+ Kc8 26. Rxd8+ Rxd8 27. Kc2 b5 28. Rh4 Rd7 29. b4 Kb7 30. c5 Ne8 31. Re4 f6 32. Bc3 Nc7 33. f4 Rd5 34. Rd4 Kc6 35. Rxd5 Kxd5 36. Kd3 e5 37. fxe5 fxe5 38. c6 Ne8 39. g4 Nc7 40. Ke3 Ne6 41. a3 Nc7 42. Be1 Ne8 43. Bg3 Nc7 44. Bh4 Ne8 45. Bg3 Nc7 46. Be1 Ne8 47. Bh4 Kxc6 48. Ke4 Kd6 49. Bg3 Ke6 50. Bxe5 Nf6+ 51. Kd4 Ne8 52. Bf4 Nf6 53. Be5 Ne8 54. Ke4 1/2-1/2

[Event "Tilburg 74/150"]
[Site "?"]
[Date "1998.??.??"]
[Round "?"]
[White "Topalov, Veselin"]
[Black "Leko, Peter"]
[Result "0-1"]
[WhiteElo "2700"]
[BlackElo "2665"]
[PlyCount "96"]
[Source "ChessBase"]
[SourceDate "1998.10.01"]

1. e4 c6 2. d4 d5 3. Nc3 dxe4 4. Nxe4 Bf5 5. Ng3 Bg6 6. h4 h6 7. Nf3 Nf6 8. Ne5 Bh7 9. Bd3 Bxd3 10. Qxd3 e6 11. Bf4 Qa5+ 12. c3 Qa6 13. Qf3 Nbd7 14. Nxd7 Kxd7 15. Be5 Be7 16. b3 Rhd8 17. c4 Qa5+ 18. Ke2 Ke8 19. Rhe1 Kf8 20. Kf1 Rd7 21. a4 Rad8 22. Rad1 Kg8 23. Rd3 Ne8 24. Nh5 Bd6 25. Bxg7 Nxg7 26. c5 Nxh5 27. Qxh5 Qa6 28. Ree3 Bf4 29. Qg4+ Kf8 30. Qxf4 Rxd4 31. Qxh6+ Ke8 32. Kg1 Rxd3 33. Rxe6+ Kd7 34. Rf6 Kc8 35. Rxf7 Rd1+ 36. Kh2 Qe2 37. Qf4 R1d7 38. Rxd7 Rxd7 39. Qf8+ Kc7 40. Qf4+ Kc8 41. Qf8+ Rd8 42. Qf5+ Kb8 43. Qf4+ Ka8 44. g4 Qe7 45. g5 Rf8 46. Qe3 Qxe3 47. fxe3 Kb8 48. g6 Kc7 0-1

[Event "Madrid Magistral 7th"]
[Site "Madrid"]
[Date "1998.??.??"]
[Round "2"]
[White "Svidler, Peter"]
[Black "Leko, Peter"]
[Result "1/2-1/2"]
[WhiteElo "2690"]
[BlackElo "2670"]
[PlyCount "127"]
[EventDate "1998.05.11"]
[Source "ChessBase"]
[SourceDate "1998.08.06"]

1. e4 c6 2. d4 d5 3. Nd2 dxe4 4. Nxe4 Bf5 5. Ng3 Bg6 6. h4 h6 7. Nf3 Nf6 8. h5 Bh7 9. Bd3 Bxd3 10. Qxd3 e6 11. Bd2 Be7 12. O-O-O O-O 13. Kb1 c5 14. Bc3 Nbd7 15. dxc5 Nxc5 16. Qe2 Qb6 17. Bd4 Qa6 18. c4 Ncd7 19. Nf1 Qc6 20. Ne3 Rfd8 21. Qc2 a6 22. b3 b5 23. Bb2 bxc4 24. Nxc4 a5 25. Ne3 Qb7 26. Rh4 a4 27. Rxa4 Rxa4 28. bxa4 Rc8 29. Qb3 Qe4+ 30. Ka1 Nc5 31. Qb5 Qxa4 32. Qxa4 Nxa4 33. Rc1 Rxc1+ 34. Bxc1 Nxh5 35. Kb1 Nf6 36. Kc2 Ne4 37. Nd1 g5 38. Ne5 Kg7 39. f3 Nec5 40. g4 f6 41. Nc6 Bd6 42. Be3 Kg6 43. Nc3 h5 44. gxh5+ Kxh5 45. Nxa4 Nxa4 46. Kb3 Bc5 47. Bxc5 Nxc5+ 48. Kc4 Nd7 49. a4 Nb6+ 50. Kc5 Nxa4+ 51. Kd6 e5 52. Ke6 e4 53. fxe4 g4 54. Kxf6 g3 55. Nd4 g2 56. Ne2 Kg4 57. e5 Nc3 58. Ng1 Ne4+ 59. Kg6 Ng5 60. Kf6 Nh3 61. e6 Nxg1 62. e7 Nh3 63. e8=Q g1=Q 64. Qg6+ 1/2-1/2

[Event "Haninge"]
[Site "?"]
[Date "1990.??.??"]
[Round "?"]
[White "Sax, Gy"]
[Black "Karpov, An"]
[Result "1/2-1/2"]
[WhiteElo "2605"]
[BlackElo "2730"]
[PlyCount "47"]
[EventDate "1990.??.??"]
[Source "ChessBase"]
[SourceDate "1990.01.01"]

1. e4 c6 2. d4 d5 3. Nd2 dxe4 4. Nxe4 Bf5 5. Ng3 Bg6 6. h4 h6 7. Nf3 Nd7 8. h5 Bh7 9. Bd3 Bxd3 10. Qxd3 e6 11. Bf4 Qa5+ 12. Bd2 Qc7 13. O-O-O Ngf6 14. Ne4 O-O-O 15. g3 Nc5 16. Nxc5 Bxc5 17. c4 Bd6 18. Bc3 Kb8 19. Qe2 Ka8 20. Kb1 b5 21. cxb5 Rb8 22. bxc6 Qxc6 23. Rc1 Qd5 24. Nd2 1/2-1/2

[Event "Elista (ol) 73/163"]
[Site "?"]
[Date "1998.??.??"]
[Round "?"]
[White "Topalov, Veselin"]
[Black "Yermolinsky, Alex"]
[Result "1/2-1/2"]
[WhiteElo "2700"]
[BlackElo "2625"]
[PlyCount "68"]
[EventDate "1998.??.??"]
[Source "ChessBase"]
[SourceDate "1998.06.01"]

1. e4 c6 2. d4 d5 3. Nd2 dxe4 4. Nxe4 Bf5 5. Ng3 Bg6 6. h4 h6 7. Nf3 Nf6 8. Ne5 Bh7 9. Bd3 Bxd3 10. Qxd3 e6 11. Bf4 Nbd7 12. O-O-O Be7 13. Kb1 O-O 14. Ne4 Nxe4 15. Qxe4 Nxe5 16. Bxe5 Qd5 17. Qe2 Rad8 18. c4 Qd7 19. Qg4 f6 20. Bf4 e5 21. Qxd7 Rxd7 22. dxe5 Rxd1+ 23. Rxd1 fxe5 24. Bg3 Rd8 25. Rxd8+ Bxd8 26. f3 h5 27. Kc2 Kf7 28. Kd3 Ke6 29. Ke4 g6 30. Bf2 a6 31. g3 b5 32. b3 Ba5 33. g4 bxc4 34. bxc4 Bd8 1/2-1/2

[Event "Moscow RUS"]
[Site "?"]
[Date "2005.02.18"]
[Round "4"]
[White "Bacrot Etienne"]
[Black "Asrian Karen"]
[Result "1-0"]
[WhiteElo "2715"]
[BlackElo "2602"]
[PlyCount "72"]
[EventDate "2005.??.??"]
[Source "www.chesslib.no"]
[SourceDate "2004.05.04"]

1. e4 c6 2. d4 d5 3. Nd2 dxe4 4. Nxe4 Bf5 5. Ng3 Bg6 6. h4 h6 7. Nf3 Nd7 8. h5 Bh7 9. Bd3 e6 10. Bf4 Be7 11. Ne4 Ngf6 12. Nxf6+ Nxf6 13. Ne5 Bxd3 14. Qxd3 Qb6 15. O-O-O Qa5 16. Kb1 Rd8 17. Qe3 O-O 18. Qg3 Kh8 19. Rd3 Qd5 20. a3 Nd7 21. Ng4 Bg5 22. Bc7 Rc8 23. Bd6 Rfd8 24. Ne5 Kg8 25. Bb4 Qe4 26. Nc4 Qh7 27. Nd6 Rb8 28. Qf3 Nb6 29. Ne4 Nd5 30. Bd6 Rbc8 31. g4 Be7 32. Bxe7 Nxe7 33. Rg1 Kh8 34. Rf1 f5 35. Nc5 fxg4 36. Qxg4 Qf5 1-0

[Event "Madrid 72/(134)"]
[Site "?"]
[Date "1998.??.??"]
[Round "?"]
[White "Leko, Peter"]
[Black "Granda Zuniga, Julio E"]
[Result "1/2-1/2"]
[WhiteElo "2670"]
[BlackElo "2630"]
[PlyCount "55"]
[EventDate "1998.??.??"]
[Source "ChessBase"]
[SourceDate "1998.02.01"]

1. e4 c6 2. d4 d5 3. Nd2 dxe4 4. Nxe4 Bf5 5. Ng3 Bg6 6. h4 h6 7. Nf3 Nf6 8. h5 Bh7 9. Bd3 Bxd3 10. Qxd3 e6 11. Bd2 c5 12. Ne4 cxd4 13. Nxd4 Be7 14. O-O-O Nc6 15. Bc3 Rc8 16. Rhe1 Nxd4 17. Bxd4 O-O 18. Kb1 Qc7 19. Nxf6+ Bxf6 20. Bxf6 gxf6 21. Rd2 Rfd8 22. Qe3 Qa5 23. Rxd8+ Rxd8 24. g4 Rd4 25. f3 Qd5 26. b3 b5 27. Kb2 Kg7 28. Re2 1/2-1/2

[Event "Camp. russo a squadre 2007"]
[Site "Sochi RUS"]
[Date "2007.05.06"]
[Round "5"]
[White "Jobava, Ba"]
[Black "Asrian, K."]
[Result "1/2-1/2"]
[WhiteElo "2658"]
[BlackElo "2635"]
[PlyCount "88"]
[EventDate "2007.05.02"]
[Source "www.chesslib.no"]
[SourceDate "2004.05.04"]

1. e4 c6 2. d4 d5 3. Nd2 dxe4 4. Nxe4 Bf5 5. Ng3 Bg6 6. h4 h6 7. Nf3 Nd7 8. h5 Bh7 9. Bd3 Bxd3 10. Qxd3 e6 11. Bd2 Ngf6 12. O-O-O Qc7 13. Ne4 O-O-O 14. g3 Be7 15. Nxf6 Nxf6 16. Qe2 Rhe8 17. Kb1 Ng4 18. Bf4 Bd6 19. Rh4 f5 20. Bc1 c5 21. Rhh1 Qc6 22. Rhe1 Bc7 23. dxc5 Qxc5 24. Rxd8+ Bxd8 25. Nd2 Bc7 26. f3 Nf6 27. g4 fxg4 28. fxg4 Qd4 29. Ne4 Qxe4 30. Qxe4 Nxe4 31. Rxe4 Kd7 32. c4 e5 33. Kc2 Ke6 34. Bd2 Rf8 35. Kd3 Rf3+ 36. Re3 Rf4 37. Re4 Rf3+ 38. Ke2 Rg3 39. Kf2 Rh3 40. Bc3 Rd3 41. Kg2 Rd8 42. Kf3 Rf8+ 43. Ke2 a6 44. a4 a5 1/2-1/2

[Event "France 81/102"]
[Site "?"]
[Date "2001.??.??"]
[Round "?"]
[White "Bologan, V."]
[Black "Khenkin, I."]
[Result "1-0"]
[WhiteElo "2676"]
[BlackElo "2609"]
[PlyCount "99"]
[EventDate "2001.??.??"]
[Source "Chess Informant"]
[SourceDate "2001.02.01"]

1. e4 c6 2. d4 d5 3. Nd2 dxe4 4. Nxe4 Bf5 5. Ng3 Bg6 6. h4 h6 7. Nf3 Nd7 8. h5 Bh7 9. Bd3 Bxd3 10. Qxd3 e6 11. Bf4 Qa5+ 12. Bd2 Qc7 13. O-O-O Ngf6 14. Ne4 Be7 15. Kb1 O-O 16. g4 Nxg4 17. Rdg1 f5 18. Qc4 Rf7 19. Qxe6 Nf8 20. Qc4 Qd7 21. Rxg4 fxg4 22. Ne5 Qe6 23. Qe2 Rf5 24. Ng3 Rf6 25. Nxg4 Qxe2 26. Nxf6+ Bxf6 27. Nxe2 Rd8 28. Be3 Ne6 29. c3 Kf7 30. Kc2 Rd5 31. a4 a6 32. b4 b5 33. a5 Be7 34. Kd3 Bd6 35. Ke4 Bc7 36. Nc1 Nf8 37. Nd3 Nd7 38. f4 Nf6+ 39. Kf3 Rxh5 40. Rxh5 Nxh5 41. Nc5 Nf6 42. Nxa6 Nd5 43. Nc5 Ke7 44. Bd2 Bb8 45. Nd3 Ke6 46. Nc5+ Ke7 47. f5 Ba7 48. Nd3 Nf6 49. Be1 Bb8 50. Bh4 1-0

[Event "Mind Sports Games - Rapid Team"]
[Site "Pechino CINA"]
[Date "2008.10.15"]
[Round "4"]
[White "Ni Hua"]
[Black "Ruck, R1."]
[Result "1-0"]
[WhiteElo "2710"]
[BlackElo "2574"]
[PlyCount "63"]
[EventDate "2008.10.14"]
[Source "www.chesslib.no"]
[SourceDate "2004.05.04"]

1. e4 c6 2. d4 d5 3. Nd2 dxe4 4. Nxe4 Bf5 5. Ng3 Bg6 6. h4 h6 7. Nf3 Nd7 8. h5 Bh7 9. Bd3 Bxd3 10. Qxd3 e6 11. Bd2 Ngf6 12. O-O-O Be7 13. Kb1 O-O 14. Ne4 c5 15. Nxf6+ Nxf6 16. g4 Nxg4 17. Rhg1 f5 18. Qe2 Qd5 19. Ne5 cxd4 20. Ng6 Rf7 21. f3 Nf6 22. Bxh6 Bd6 23. Bxg7 Kh7 24. h6 Nh5 25. Rxd4 Qc5 26. Qxe6 Nxg7 27. hxg7 Qxd4 28. g8=Q+ Kxg8 29. Ne7+ Kh8 30. Rh1+ Rh7 31. Rxh7+ Kxh7 32. Qg6+ 1-0

[Event "Essen 84/83"]
[Site "?"]
[Date "2002.??.??"]
[Round "?"]
[White "Lutz, Ch"]
[Black "Dautov, R."]
[Result "1-0"]
[WhiteElo "2644"]
[BlackElo "2636"]
[PlyCount "97"]
[EventDate "2002.??.??"]
[Source "Chess Informant"]
[SourceDate "2002.02.01"]

1. e4 c6 2. d4 d5 3. Nd2 dxe4 4. Nxe4 Bf5 5. Ng3 Bg6 6. h4 h6 7. Nf3 Nd7 8. h5 Bh7 9. Bd3 Bxd3 10. Qxd3 e6 11. Bf4 Qa5+ 12. Bd2 Qc7 13. O-O-O Ngf6 14. Ne4 O-O-O 15. g3 Nxe4 16. Qxe4 Be7 17. Qe2 Rhe8 18. Kb1 Kb8 19. c4 Ka8 20. Rhe1 c5 21. Bf4 Qc8 22. g4 Nf6 23. dxc5 Nxg4 24. Bd6 e5 25. Bxe7 Rxd1+ 26. Rxd1 Rxe7 27. b4 a6 28. Rd6 Nf6 29. Kb2 Re8 30. Nd2 Qg4 31. Qd3 Rc8 32. Rd8 Qe6 33. Nb3 Kb8 34. Na5 Rxd8 35. Qxd8+ Qc8 36. Qe7 Qc7 37. Qf8+ Ka7 38. Nb3 Qd7 39. Qxg7 Ng4 40. b5 axb5 41. cxb5 Nxf2 42. b6+ Ka6 43. Qxh6 Kb5 44. Qd6 Qxd6 45. cxd6 Kxb6 46. h6 Nd3+ 47. Kc3 Nf4 48. h7 Ng6 49. Na5 1-0

[Event "Reykjavik Hrokurinn"]
[Site "Reykjavik"]
[Date "2003.02.21"]
[Round "4"]
[White "Macieja, Bartlomiej"]
[Black "Kortschnoj, Viktor"]
[Result "1-0"]
[WhiteElo "2629"]
[BlackElo "2642"]
[PlyCount "79"]
[EventDate "2003.02.18"]
[Source "ChessBase"]
[SourceDate "2003.05.26"]

1. e4 c6 2. Nc3 d5 3. d4 dxe4 4. Nxe4 Bf5 5. Ng3 Bg6 6. h4 h6 7. Nf3 Nf6 8. Ne5 Bh7 9. Bd3 Bxd3 10. Qxd3 e6 11. Bd2 Be7 12. O-O-O Nbd7 13. Qe2 Qc7 14. Rhe1 O-O 15. Nf5 exf5 16. Nxd7 Rfe8 17. Nxf6+ Bxf6 18. Qxe8+ Rxe8 19. Rxe8+ Kh7 20. g3 Qd7 21. Re3 Qd5 22. Rb3 b6 23. Bf4 g5 24. hxg5 hxg5 25. Bb8 a5 26. f4 a4 27. Ra3 b5 28. fxg5 Bxg5+ 29. Bf4 Bf6 30. Kb1 c5 31. Re3 cxd4 32. Red3 Qe4 33. a3 Kg6 34. R3d2 Kg7 35. Rh2 Kg8 36. Rhh1 Qb7 37. Rhe1 b4 38. Re8+ Kg7 39. axb4 Qxb4 40. Rh1 1-0

[Event "Los Angeles 73/162"]
[Site "?"]
[Date "1998.??.??"]
[Round "?"]
[White "Shabalov, Alexander"]
[Black "Yermolinsky, Alex"]
[Result "0-1"]
[WhiteElo "2645"]
[BlackElo "2625"]
[PlyCount "56"]
[EventDate "1998.??.??"]
[Source "ChessBase"]
[SourceDate "1998.06.01"]

1. e4 c6 2. d4 d5 3. Nc3 dxe4 4. Nxe4 Bf5 5. Ng3 Bg6 6. h4 h6 7. Nf3 Nf6 8. Ne5 Bh7 9. Bd3 Bxd3 10. Qxd3 e6 11. Bf4 Nbd7 12. O-O-O Be7 13. Qe2 O-O 14. Kb1 Qb6 15. Rd3 Rad8 16. c4 Nxe5 17. dxe5 Rxd3 18. Qxd3 Ng4 19. Qe2 Nxf2 20. Rf1 Bc5 21. Nh5 Rd8 22. b3 Qa5 23. Rxf2 Bxf2 24. Qxf2 Qc3 25. Qe2 Rd4 26. Qc2 Qe1+ 27. Bc1 Rxh4 28. g4 Rxg4 0-1

[Event "France 88/88"]
[Site "?"]
[Date "2003.??.??"]
[Round "?"]
[White "Bacrot, E."]
[Black "Dautov, R."]
[Result "1/2-1/2"]
[WhiteElo "2654"]
[BlackElo "2611"]
[PlyCount "77"]
[EventDate "2003.??.??"]
[Source "Chess Informant"]
[SourceDate "2003.06.01"]

1. e4 c6 2. d4 d5 3. Nd2 dxe4 4. Nxe4 Bf5 5. Ng3 Bg6 6. h4 h6 7. Nf3 Nd7 8. h5 Bh7 9. Bd3 Bxd3 10. Qxd3 Ngf6 11. Bf4 e6 12. O-O-O Be7 13. Kb1 O-O 14. Ne4 Nxe4 15. Qxe4 Nf6 16. Qe2 Qd5 17. Ne5 Qe4 18. Qxe4 Nxe4 19. Nd3 Rfd8 20. c3 Nf6 21. g4 a5 22. Rdg1 Nd5 23. Bc1 Rac8 24. g5 hxg5 25. Bxg5 Bxg5 26. Rxg5 f6 27. Rg3 Kf7 28. Rhg1 Rg8 29. Rf3 Rcd8 30. Ne5+ Ke8 31. Ng6 Ne7 32. Nf4 Kf7 33. Nd3 Rd5 34. Re1 Rxh5 35. Rfe3 Rd5 36. Rxe6 Nf5 37. Nc5 Rb8 38. Kc2 b6 39. Nd3 1/2-1/2

[Event "Linares"]
[Site "?"]
[Date "1983.??.??"]
[Round "?"]
[White "Karpov, Anatoly"]
[Black "Larsen, Bent"]
[Result "1-0"]
[WhiteElo "2710"]
[BlackElo "2555"]
[PlyCount "95"]
[EventDate "1983.??.??"]
[Source "www.chesslib.no"]
[SourceDate "2004.05.04"]

1. e4 c6 2. d4 d5 3. Nd2 dxe4 4. Nxe4 Bf5 5. Ng3 Bg6 6. h4 h6 7. Nf3 Nd7 8. h5 Bh7 9. Bd3 Bxd3 10. Qxd3 e6 11. Bf4 Ngf6 12. O-O-O Be7 13. Kb1 a5 14. Ne4 Nxe4 15. Qxe4 a4 16. Ne5 a3 17. b3 Nxe5 18. dxe5 Qa5 19. Bd2 Qc7 20. f4 O-O 21. f5 exf5 22. Qxf5 Qc8 23. Qxc8 Rfxc8 24. c4 b5 25. Kc2 Kf8 26. Rhf1 Ke8 27. Rf4 Ra7 28. Be1 Rb7 29. Rg4 Bf8 30. Rgd4 b4 31. Bh4 Be7 32. c5 Bxh4 33. Rxh4 Rb5 34. Rc4 Rc7 35. Rdd4 Re7 36. Re4 Kd7 37. Kd3 Ke6 38. Red4 Kxe5 39. Re4+ Kf6 40. Rf4+ Kg5 41. Rg4+ Kxh5 42. Rxg7 Rbb7 43. Rc1 Rbd7+ 44. Kc2 Re2+ 45. Kb1 Rb2+ 46. Ka1 Rd4 47. Rh1+ Rh4 48. g4# 1-0

[Event "LXVI Campionato georgiano"]
[Site "Tbilisi GEO"]
[Date "2007.03.19"]
[Round "5"]
[White "Jobava, Ba"]
[Black "Pantsulaia, L."]
[Result "1-0"]
[WhiteElo "2650"]
[BlackElo "2612"]
[PlyCount "107"]
[EventDate "2007.03.14"]
[Source "www.chesslib.no"]
[SourceDate "2004.05.04"]

1. e4 c6 2. d4 d5 3. Nd2 dxe4 4. Nxe4 Bf5 5. Ng3 Bg6 6. h4 h6 7. Nf3 Nd7 8. h5 Bh7 9. Bd3 Bxd3 10. Qxd3 e6 11. Bd2 Qc7 12. O-O-O O-O-O 13. Ne4 Ngf6 14. g3 Nxe4 15. Qxe4 Nf6 16. Qe2 Bd6 17. Kb1 Rhe8 18. c4 e5 19. c5 Bf8 20. dxe5 Nd7 21. b4 Nxe5 22. Bf4 f6 23. Rxd8+ Qxd8 24. Nxe5 fxe5 25. Bxe5 Qg5 26. Re1 g6 27. hxg6 Bg7 28. f4 Qxg3 29. Qe4 Bxe5 30. Qf5+ Kb8 31. Rxe5 Rd8 32. Re2 a5 33. Qe4 Qa3 34. Rb2 Rd1+ 35. Kc2 Rf1 36. g7 Rf2+ 37. Kd1 Rf1+ 38. Ke2 Qxb2+ 39. Kxf1 Qxg7 40. bxa5 Qa1+ 41. Kg2 Qxa2+ 42. Kh3 Qa3+ 43. Kh4 Qxc5 44. f5 Qxa5 45. Kh5 Qc3 46. Qf4+ Kc8 47. f6 Qc5+ 48. Kg6 Qf8 49. f7 Kd7 50. Qg4+ Kc7 51. Qd4 h5 52. Qg7 Qd6+ 53. Kh7 Qd3+ 54. Kh8 1-0

[Event "EU-ch 2nd"]
[Site "Ohrid"]
[Date "2001.06.12"]
[Round "11"]
[White "Movsesian, Sergei"]
[Black "Nisipeanu, Liviu Dieter"]
[Result "1/2-1/2"]
[WhiteElo "2661"]
[BlackElo "2596"]
[PlyCount "29"]
[EventDate "2001.06.01"]
[Source "ChessBase"]
[SourceDate "2001.09.13"]

1. e4 c6 2. d4 d5 3. Nd2 dxe4 4. Nxe4 Bf5 5. Ng3 Bg6 6. h4 h6 7. Nf3 Nd7 8. h5 Bh7 9. Bd3 Bxd3 10. Qxd3 Ngf6 11. Bd2 e6 12. O-O-O Qc7 13. Ne4 O-O-O 14. g3 Nc5 15. Nxc5 1/2-1/2

[Event "Yongchuan (zt) 88/(84)"]
[Site "?"]
[Date "2003.??.??"]
[Round "?"]
[White "Ye, Jiangchuan"]
[Black "Zhang, Pengxiang"]
[Result "1/2-1/2"]
[WhiteElo "2683"]
[BlackElo "2567"]
[PlyCount "65"]
[EventDate "2003.??.??"]
[Source "Chess Informant"]
[SourceDate "2003.06.01"]

1. e4 c6 2. d4 d5 3. Nd2 dxe4 4. Nxe4 Bf5 5. Ng3 Bg6 6. h4 h6 7. Nf3 Nd7 8. h5 Bh7 9. Bd3 Bxd3 10. Qxd3 e6 11. Bf4 Ngf6 12. O-O-O Be7 13. Kb1 O-O 14. Ne5 Qa5 15. Nxd7 Nxd7 16. Ne4 Nf6 17. Nxf6+ Bxf6 18. Qg3 Kh8 19. Rd3 Qb5 20. Rb3 Qd5 21. Be5 Bxe5 22. dxe5 Rad8 23. a3 c5 24. Rd3 Qe4 25. Rhd1 Rxd3 26. Rxd3 Qe1+ 27. Ka2 Qe2 28. Qf3 Qxc2 29. Rc3 Qd2 30. Rxc5 Qd7 31. g4 Kg8 32. Qc3 Rd8 33. f3 1/2-1/2

[Event "Madrid"]
[Site "Madrid"]
[Date "1973.??.??"]
[Round "9"]
[White "Karpov, Anatoly"]
[Black "Hort, Vlastimil"]
[Result "1/2-1/2"]
[WhiteElo "2660"]
[BlackElo "2590"]
[PlyCount "39"]
[EventDate "1973.??.??"]
[Source "ChessBase"]

1. e4 c6 2. d4 d5 3. Nd2 dxe4 4. Nxe4 Bf5 5. Ng3 Bg6 6. Nf3 Nd7 7. h4 h6 8. h5 Bh7 9. Bd3 Bxd3 10. Qxd3 Ngf6 11. Bd2 e6 12. Qe2 Qc7 13. O-O-O c5 14. Rh4 Be7 15. dxc5 Nxc5 16. Rd4 O-O 17. Bf4 Qa5 18. Kb1 Rfd8 19. Be5 Rxd4 20. Bxd4 1/2-1/2

[Event "Pamplona"]
[Site "Pamplona"]
[Date "2003.??.??"]
[Round "?"]
[White "Sutovsky, E."]
[Black "Illescas Cordoba, M."]
[Result "0-1"]
[WhiteElo "2646"]
[BlackElo "2602"]
[PlyCount "166"]
[EventDate "2003.12.20"]
[Source "Chess Informant"]
[SourceDate "2003.10.01"]

1. e4 c6 2. d4 d5 3. Nc3 dxe4 4. Nxe4 Bf5 5. Ng3 Bg6 6. h4 h6 7. Nf3 Nf6 8. Ne5 Bh7 9. Bd3 Bxd3 10. Qxd3 e6 11. Bd2 Nbd7 12. f4 Be7 13. O-O-O O-O 14. Qe2 Re8 15. Rhe1 Bf8 16. f5 Nb6 17. Qd3 c5 18. fxe6 Rxe6 19. Nxf7 Kxf7 20. Rxe6 Kxe6 21. Qg6 Qd5 22. dxc5 Qxa2 23. Re1+ Kd7 24. Bc3 Qa1+ 25. Kd2 Nc4+ 26. Ke2 Qa6 27. Qf7+ Kc6 28. Kf3 Bxc5 29. Nf5 Rf8 30. Nd4+ Kb6 31. Qe6+ Bd6 32. Nf5 Re8 33. Nxd6 Rxe6 34. Rxe6 Kc7 35. Ne8+ Nxe8 36. Rxa6 bxa6 37. Ke4 Ncd6+ 38. Ke5 Kd7 39. Bd4 g6 40. Bxa7 Nc4+ 41. Kd4 Ned6 42. b4 Na3 43. Ke5 Ne8 44. c3 h5 45. Bc5 Nc4+ 46. Kd4 Ncd6 47. Ke5 Nf7+ 48. Kf4 Nc7 49. Ke4 Ne6 50. Bf2 Nd6+ 51. Ke5 Ke7 52. Kd5 Kd7 53. Ke5 Nc7 54. Bc5 Nf5 55. Bf2 Ne8 56. c4 Nfd6 57. Kd4 Ke6 58. Be1 Nf6 59. Kc5 Nd7+ 60. Kc6 Ne5+ 61. Kb6 Ndxc4+ 62. Kxa6 Nd3 63. Bc3 Nxb4+ 64. Kb5 Ne3 65. Kxb4 Nxg2 66. Kc4 Kf5 67. Kd3 Nxh4 68. Ke3 Kg4 69. Kf2 Nf5 70. Be5 Ne7 71. Bd6 Nd5 72. Ba3 Nf4 73. Be7 g5 74. Bf6 h4 75. Be7 Kf5 76. Bd8 Ng6 77. Bc7 g4 78. Bd6 Ke4 79. Bc7 Nf4 80. Bb6 g3+ 81. Kg1 Kf3 82. Kh1 h3 83. Ba5 Nd3 0-1

[Event "Interclubs Adultes"]
[Site "France"]
[Date "2004.04.01"]
[Round "4.1"]
[White "Akopian, Vladimir"]
[Black "Izoria, Zviad"]
[Result "1-0"]
[WhiteElo "2693"]
[BlackElo "2553"]
[PlyCount "87"]
[EventDate "2004.04.01"]
[Source "Roberto Alvarez"]
[SourceDate "2004.04.05"]

1. e4 c6 2. d4 d5 3. Nd2 dxe4 4. Nxe4 Bf5 5. Ng3 Bg6 6. h4 h6 7. Nf3 Nd7 8. h5 Bh7 9. Bd3 Bxd3 10. Qxd3 e6 11. Bf4 Ngf6 12. O-O-O Be7 13. Kb1 O-O 14. Ne4 Qb6 15. Nxf6+ Nxf6 16. g4 Nxg4 17. Rdg1 f5 18. Ne5 Rad8 19. Nxg4 fxg4 20. Bxh6 Qxd4 21. Qe2 Qf6 22. Bc1 Rd7 23. h6 g5 24. b3 e5 25. Bb2 Rd5 26. h7+ Kh8 27. Rxg4 Qf3 28. Qxf3 Rxf3 29. c4 Rd8 30. Bxe5+ Bf6 31. Rxg5 Rxf2 32. Rhg1 Rd7 33. Rg8+ Kxh7 34. R8g3 Kh8 35. Rg8+ Kh7 36. Rf8 Rg7 37. Rh1+ Kg6 38. Rg1+ Kh7 39. Rd1 Kg6 40. Rd6 Rf7 41. Rxf7 Kxf7 42. Bxf6 Rxf6 43. Rd7+ Ke8 44. Rxb7 1-0

[Event "CRO-chT"]
[Site "?"]
[Date "2000.09.16"]
[Round "6"]
[White "Almasi Zoltan"]
[Black "Stohl Igor"]
[Result "1/2-1/2"]
[WhiteElo "2668"]
[BlackElo "2578"]
[PlyCount "45"]
[EventDate "2000.??.??"]
[Source "www.chesslib.no"]
[SourceDate "2004.05.04"]

1. e4 c6 2. d4 d5 3. Nc3 dxe4 4. Nxe4 Bf5 5. Ng3 Bg6 6. h4 h6 7. Nf3 Nf6 8. Ne5 Bh7 9. Bd3 Bxd3 10. Qxd3 e6 11. Bd2 Bd6 12. f4 Nbd7 13. O-O-O Qc7 14. Rhe1 O-O 15. Ne4 Nxe4 16. Qxe4 f5 17. Qf3 Nf6 18. Qb3 Rfe8 19. Bb4 Bxb4 20. Qxb4 Rad8 21. Rd3 a5 22. Qd2 b5 23. Kb1 1/2-1/2

[Event "HB Global Chess Challenge"]
[Site "?"]
[Date "2005.05.21"]
[Round "7.20"]
[White "Perelshteyn Eugene"]
[Black "Fridman Daniel"]
[Result "0-1"]
[WhiteElo "2579"]
[BlackElo "2657"]
[PlyCount "56"]
[EventDate "2005.??.??"]
[Source "www.chesslib.no"]
[SourceDate "2004.05.04"]

1. e4 c6 2. d4 d5 3. Nc3 dxe4 4. Nxe4 Bf5 5. Ng3 Bg6 6. h4 h6 7. Nf3 e6 8. Ne5 Bh7 9. Bd3 Bxd3 10. Qxd3 Nd7 11. f4 c5 12. Be3 Qa5+ 13. c3 Ngf6 14. Nxd7 Nxd7 15. dxc5 O-O-O 16. Qc4 Nxc5 17. b4 b5 18. Qe2 Nd3+ 19. Kf1 Qc7 20. Kg1 Rd5 21. a4 g5 22. axb5 gxf4 23. Rxa7 Qc4 24. Ra6 Qb3 25. Bxf4 Nxf4 26. Qf2 Bd6 27. Ra8+ Kd7 28. Rxh8 Ne2+ 0-1